| 000 | 00729cab a2200193 4500 | ||
|---|---|---|---|
| 001 | WB2308-06 | ||
| 008 | 090401t1987 xxu||||| |||| 00| 0 eng d | ||
| 035 | _a(Sirsi) u19848 | ||
| 041 | _aeng | ||
| 245 | _aSale particulars - the need for accuracy | ||
| 260 | _c1987 | ||
| 350 | _a0 | ||
| 490 |
_aEstates Gazette _vvol 281 no 6321, 14/2/87 p695 |
||
| 520 | _aNotes the consequences of inaccuracy in auction particulars as misdescription may result in breach of contract . Pays particular attention to the recent decision in King Brothers (Finance) Ltd v North Western British Road Services Ltd (1986) 2 EGLR 253. | ||
| 650 | _aRECISSION OF CONTRACT | ||
| 690 |
_aAuctioneering _96218 |
||
| 942 | _n0 | ||
| 948 | _c04/03/1997 | ||
| 999 |
_c13294 _d13294 |
||